00567nam a22001697a 450000500170000002000220001702000250003903500170006403700210008108200080010210000190011024500880012926000620021727000710027930000230035070000240037320110209121750.0 a8170701945c99.90 a9788170701941c99.90 aB-431750-789 bBlueberry Books  a921 aManorama Jafa  aGandhi: cby Manorama Jafa; illustrated by Deepak Harichandan bthe man of peace /  aDelhi by Ruskin Bond; illustrated by bRatna Sagar c2009 aVirat Bhavan, Commercial Complex, Mukherjee Nagar,bDelhi e110009 a95p. c25cm (pbk)  aHarichandan, Deepak